000 00983nas a2200313 4500
001 BR2012002236
003 BR-BrBNA
005 20231205120447.0
007 ta
008 230509b bl.|||p| |||| 00| 00por d
040 _aBR-BrBNA
_bpor
_cBiblioteca Nacional de Agricultura
041 _a(Pt)
072 _aE71; D50
100 1 _aFaria, R.N de
100 1 _aBurnquist, H.L.
100 1 _aPestan, M.H. de A. P.
245 1 _aDificuldade de Adequação às Medidas Técnicas: a percepção das empresas exportadoras de alimentos
650 _aEXPORTAÇÃO
650 _aALIMENTO
650 _aREGULAMENTAÇÃO
650 _aNORMA TÉCNICA
650 _aEMPRESA COMERCIAL
650 _aCONTROLE DE QUALIDADE
650 _aSAÚDE PÚBLICA
650 _aCONSUMIDOR
773 0 _tRevista de Economia e Sociologia Rural (Brazil)
_xISSN 0103-2003
_g(Jul-Sep 2011), v.49(3) p. 629-646
_wBR2012002236
909 _a202311
_bLúcia
_c55
_dLúcia Elande
942 _2AGRIS
_n0
_cANA
999 _c218617
_d218617